JetPunk Music Clip Quiz #2 - 2000's/2010's - Statistics

General Stats
  • This quiz has been taken 162 times
  • The average score is 22 of 42
Answer Stats
Interval Song % Correct
00:50 - 01:00 Complicated
86%
00:10 - 00:20 The Real Slim Shady
84%
06:30 - 06:40 bad guy
81%
00:20 - 00:30 In The End
79%
01:10 - 01:20 Seven Nation Army
78%
02:50 - 03:00 Just Dance
74%
02:20 - 02:30 Apologize
71%
01:00 - 01:10 Where Is The Love?
71%
03:20 - 03:30 Dynamite
67%
03:50 - 04:00 Someone Like You
67%
05:30 - 05:40 Cake by the Ocean
66%
02:10 - 02:20 Crazy
66%
03:40 - 03:50 Pumped Up Kicks
66%
06:40 - 06:50 Watermelon Sugar
66%
05:00 - 05:10 See You Again
65%
01:20 - 01:30 Take Me Out
62%
06:00 - 06:10 One Kiss
61%
02:00 - 02:10 Everytime We Touch
59%
01:40 - 01:50 Fix You
59%
04:40 - 04:50 Rather Be
59%
06:50 - 07:00 Say So
54%
00:30 - 00:40 Ms. Jackson
52%
02:40 - 02:50 Womanizer
51%
03:30 - 03:40 Cooler Than Me
48%
01:50 - 02:00 Pon De Replay
44%
02:30 - 02:40 The Pretender
44%
04:10 - 04:20 Drive By
43%
04:00 - 04:10 Boyfriend
42%
06:10 - 06:20 This Is America
41%
04:30 - 04:40 Hey Brother
39%
00:00 - 00:10 Kryptonite
39%
05:40 - 05:50 Mask Off
37%
03:10 - 03:20 21 Guns
36%
04:50 - 05:00 Ain't It Fun
30%
03:00 - 03:10 Hotel Room Service
29%
06:20 - 06:30 SICKO MODE
27%
00:40 - 00:50 No One Knows
26%
05:50 - 06:00 Chained To The Rhythm
24%
01:30 - 01:40 Float On
23%
05:10 - 05:20 Earned It
15%
05:20 - 05:30 Pink + White
15%
04:20 - 04:30 White Noise
13%
No matching quizzes found
Score Distribution
Percent of People with Each Score
Percentile by Number Answered
Your Score History
You have not taken this quiz